Statistics for Czech monarchs quiz - Kvíz českých panovníků

Click here to take the quiz!

General Stats

  • This quiz has been taken 252 times
  • The average score is 42 of 66

Answer Stats

GroupHint 1Hint 2Answer% Correct
House of Habsburg - Habsburgové1916 - 1918I.Karel
96%
House of Habsburg - Habsburgové1711 - 1740VI.Karel
96%
House of Luxembourg - Lucemburkové1346 - 1378IV.Karel
96%
Přemyslid dynasty - Přemyslovci1191 - 1192II.Václav
90%
House of Luxembourg - Lucemburkové1378 - 1419IV.Václav
90%
Přemyslid dynasty - Přemyslovci922/5 - 929/35sv.Václav
90%
Přemyslid dynasty - Přemyslovci1305 - 1306III.Václav
90%
Přemyslid dynasty - Přemyslovci1283 - 1305II.Václav
90%
Přemyslid dynasty - Přemyslovci1230 - 1253I.Václav
90%
House of Luxembourg - Lucemburkové1310 - 1346Jan Lucemburský
87%
House of Wittelsbach - Wittelsbachové1741 - 1742Karel Albrecht
86%
Přemyslid dynasty - Přemyslovci1192 - 1193. 1197 - 1230I.Přemysl Otakar
85%
Přemyslid dynasty - Přemyslovci1253 - 1278II.Přemysl Otakar
85%
House of Habsburg - Habsburgové1848 - 1916I.František Josef
83%
House of Podiebrad - Páni z Kunštátu a Poděbrad1458 - 1471Jiří z Poděbrad
81%
House of Habsburg - Habsburgové1780 - 1790II.Josef
79%
House of Habsburg - Habsburgové1705 - 1711I.Josef
79%
House of Habsburg - Habsburgové1740 - 1780Marie Terezie
78%
Moymirid dynasty - Mojmírovci830 - 846I.Mojmír
78%
Moymirid dynasty - Mojmírovci894 - 907II.Mojmír
78%
House of Luxembourg - Lucemburkové1419 - 1437Zikmund
78%
House of Habsburg - Habsburgové1576 - 1611II.Rudolf
75%
House of Habsburg - Habsburgové1306 - 1307Rudolf Habsburský
75%
Přemyslid dynasty - Přemyslovci1197Vladislav Jindřich
75%
House of Habsburg - Habsburgové1453 - 1457Ladislav Pohrobek
73%
House of Habsburg - Habsburgové1792 - 1835I.František
72%
Jagiellonian dynasty - Jagellonci1516 - 1526Ludvík
70%
Přemyslid dynasty - Přemyslovci929/35 - 972I.Boleslav
69%
Přemyslid dynasty - Přemyslovci972 - 999II.Boleslav
69%
Přemyslid dynasty - Přemyslovci999 - 1002, 1003III.Boleslav
69%
Piast dynasty - Piastovci1003 - 1004Boleslav
69%
Přemyslid dynasty - Přemyslovci1140 - 1172II.Vladislav
68%
Přemyslid dynasty - Přemyslovci1109 - 1117, 1120 - 1125I.Vladislav
68%
Jagiellonian dynasty - Jagellonci1471 - 1516Vladislav
68%
Přemyslid dynasty - Přemyslovci1193 - 1197Jindřich Břetislav
66%
House of Habsburg - Habsburgové1526 - 1564I.Ferdinand
65%
House of Habsburg - Habsburgové1637 - 1657III.Ferdinand
65%
House of Habsburg - Habsburgové1620 - 1637II.Ferdinand
65%
House of Habsburg - Habsburgové1835 - 1848V.Ferdinand
65%
Přemyslid dynasty - Přemyslovci1189 - 1191II.Konrád Ota
59%
Přemyslid dynasty - Přemyslovci1101 - 1107, 1117 - 1120II.Bořivoj
57%
Přemyslid dynasty - Přemyslovci870 - 888/9I.Bořivoj
57%
Přemyslid dynasty - Přemyslovci915 - 921I.Vratislav
54%
Přemyslid dynasty - Přemyslovci1061 - 1092II.Vratislav
54%
Moymirid dynasty - Mojmírovci870 - 894Svatopluk
53%
Přemyslid dynasty - Přemyslovci1107 - 1109Svatopluk
53%
House of Gorizia - Menhardovci1307 - 1310Jindřich Korutanský
52%
House of Hunyadi - Hunyadyové1469 - 1490Matyáš Korvín
52%
Přemyslid dynasty - Přemyslovci1092 - 1100II.Břetislav
51%
Přemyslid dynasty - Přemyslovci1034 - 1055I.Břetislav
51%
House of Habsburg - Habsburgové1611 - 1619Matyáš
50%
House of Wittelsbach - Wittelsbachové1619 - 1620Fridrich Falcký
49%
Přemyslid dynasty - Přemyslovci1012 - 1033, 1034Oldřich
46%
House of Habsburg - Habsburgové1790 - 1792II.Leopold
43%
House of Habsburg - Habsburgové1657 - 1705I.Leopold
43%
Moymirid dynasty - Mojmírovci846 - 870Rostislav
42%
Přemyslid dynasty - Přemyslovci1055 - 1061II.Spytihněv
39%
Přemyslid dynasty - Přemyslovci894 - 915I.Spytihněv
39%
House of Habsburg - Habsburgové1437 - 1439Albrecht
36%
Přemyslid dynasty - Přemyslovci1003, 1004 - 1012, 1033 - 1034Jaromír
35%
House of Habsburg - Habsburgové1564 - 1576II.Maxmilián
33%
Přemyslid dynasty - Přemyslovci1092I.Konrád Brněnský
31%
Přemyslid dynasty - Přemyslovci1172 - 1173, 1178 - 1189Bedřich
26%
Piast dynasty - Piastovci1002 - 1003Vladivoj
24%
Přemyslid dynasty - Přemyslovci1125 - 1140I.Soběslav
20%
Přemyslid dynasty - Přemyslovci1173 - 1178II.Soběslav
20%

Score Distribution

Percentile by Number Answered

Percent of People with Each Score

Your Score History

You have not taken this quiz